00913nam a2200181 a 450000100100000000500170001000800410002704000250006808200150009310000330010824501500014126000370029130000370032895201180036595201130048395201180059699900170071400003699920200930080055.0120207s2011 dr d 000 0 spa d aDO-SdBNPbspacBNPHU axxxbM425p1 aMateo, Ramona,d1956-96339410aPrevalencia de pacientes con ITS/VIH SIDA :bEn la provincia de San Cristóbal, R. D., Hospital Centro Integral Juan Pablo Pina /cRamona Mateo. aSanto Domingo :bMargraf,c2011. a152 p. :bil., diagrs. ;c22 cm. 0010718DSaGRbGRcCTd2012-02-07iLF1l0oxxx M425pp36999-30r2020-06-25te.3w2020-06-25yLFDSZNo se presta 0010718PDaPDbPDcCTd2012-02-07iLF1l0oxxx M425pp36999-10r2020-06-25w2020-06-25yLFPDZNo se presta 0010718PDaPDbPDcCTd2012-02-07iLF1l0oxxx M425pp36999-20r2020-06-25te.2w2020-06-25yLFPDZNo se presta c36489d36489